Statystyki dla Lista wszystkich senatorów X kadencji (2019-2023)

Kliknij tutaj aby rozwiązać quiz!

Ogólne statystyki

  • Ten quiz został rozwiązany 16 razy
  • Średni wynik to 12 z 100

Statystyki odpowiedzi

numer okręguklub/koło, którego senator jest członkiemimię i nazwisko% Poprawnych
nr 86Koło Senatorów NiezależnychLidia Staroń
70%
nr 49Klub Parlamentarny Prawo i SprawiedliwośćStanisław Karczewski
70%
nr 97Klub Parlamentarny Koalicja Obywatelska – Platforma Obywatelska, Nowoczesna, Inicjatywa Polska, ZieloniTomasz Grodzki
70%
nr 89Koło Senatorów Koalicja Polska - Polskie Stronnictwo LudoweJan Libicki
60%
nr 75Koło Parlamentarne Lewicy DemokratycznejGabriela Morawska-Stanecka
50%
nr 39senator niezrzeszonyJan Jackowski
50%
nr 10Klub Parlamentarny Koalicja Obywatelska – Platforma Obywatelska, Nowoczesna, Inicjatywa Polska, ZieloniKrzysztof Brejza
50%
nr 24Koło Senatorów NiezależnychKrzysztof Kwiatkowski
50%
nr 22Koło Senatorów NiezależnychWadim Tyszkiewicz
50%
nr 65Klub Parlamentarny Koalicja Obywatelska – Platforma Obywatelska, Nowoczesna, Inicjatywa Polska, ZieloniBogdan Borusewicz
40%
nr 6Klub Parlamentarny Koalicja Obywatelska – Platforma Obywatelska, Nowoczesna, Inicjatywa Polska, ZieloniBogdan Zdrojewski
40%
nr 16Koło Parlamentarne Polska 2050Jacek Bury
40%
nr 31Klub Parlamentarny Prawo i SprawiedliwośćMarek Pęk
40%
nr 47Klub Parlamentarny Prawo i SprawiedliwośćMaria Koc
40%
nr 7Klub Parlamentarny Koalicja Obywatelska – Platforma Obywatelska, Nowoczesna, Inicjatywa Polska, ZieloniAlicja Chybicka
30%
nr 44Koło Senatorów Koalicja Polska - Polskie Stronnictwo LudoweKazimierz Ujazdowski
30%
nr 100senator niezreszonyStanisław Gawłowski
30%
nr 43Klub Parlamentarny Koalicja Obywatelska – Platforma Obywatelska, Nowoczesna, Inicjatywa Polska, ZieloniBarbara Borys-Damięcka
20%
nr 8Klub Parlamentarny Koalicja Obywatelska – Platforma Obywatelska, Nowoczesna, Inicjatywa Polska, ZieloniBarbara Zdrojewska
20%
nr 33Klub Parlamentarny Koalicja Obywatelska – Platforma Obywatelska, Nowoczesna, Inicjatywa Polska, ZieloniBogdan Klich
20%
nr 82Klub Parlamentarny Prawo i SprawiedliwośćJarosław Rusiecki
20%
nr 91Klub Parlamentarny Koalicja Obywatelska – Platforma Obywatelska, Nowoczesna, Inicjatywa Polska, ZieloniMarcin Bosacki
20%
nr 42Klub Parlamentarny Koalicja Obywatelska – Platforma Obywatelska, Nowoczesna, Inicjatywa Polska, ZieloniMarek Borowski
20%
nr 80(senator zmarł)Marek Plura
20%
nr 41Koło Senatorów Koalicja Polska - Polskie Stronnictwo LudoweMichał Kamiński
20%
nr 12Koło Senatorów Koalicja Polska - Polskie Stronnictwo LudoweRyszard Bober
20%
nr 48Klub Parlamentarny Prawo i SprawiedliwośćWaldemar Kraska
20%
nr 69Koalicyjny Klub Parlamentarny LewicyWojciech Konieczny
20%
nr 70Klub Parlamentarny Koalicja Obywatelska – Platforma Obywatelska, Nowoczesna, Inicjatywa Polska, ZieloniZygmunt Frankiewicz
20%
nr 88Klub Parlamentarny Koalicja Obywatelska – Platforma Obywatelska, Nowoczesna, Inicjatywa Polska, ZieloniAdam Szejnfeld
10%
nr 78Klub Parlamentarny Koalicja Obywatelska – Platforma Obywatelska, Nowoczesna, Inicjatywa Polska, ZieloniAgnieszka Gorgoń-Komor
10%
nr 4Klub Parlamentarny Koalicja Obywatelska – Platforma Obywatelska, Nowoczesna, Inicjatywa Polska, ZieloniAgnieszka Kołacz-Leszczyńska
10%
nr 45Klub Parlamentarny Koalicja Obywatelska – Platforma Obywatelska, Nowoczesna, Inicjatywa Polska, ZieloniAleksander Pociej
10%
nr 72Klub Parlamentarny Prawo i SprawiedliwośćEwa Gawęda
10%
nr 17Klub Parlamentarny Prawo i SprawiedliwośćGrzegorz Bierecki
10%
nr 36Klub Parlamentarny Prawo i SprawiedliwośćJan Hamerski
10%
nr 40Klub Parlamentarny Koalicja Obywatelska – Platforma Obywatelska, Nowoczesna, Inicjatywa Polska, ZieloniJolanta Hibner
10%
nr 35Klub Parlamentarny Prawo i SprawiedliwośćKazimierz Wiatr
10%
nr 83Klub Parlamentarny Prawo i SprawiedliwośćKrzysztof Słoń
10%
nr 38Klub Parlamentarny Prawo i SprawiedliwośćMarek Martynowski
10%
nr 93Klub Parlamentarny Prawo i SprawiedliwośćMargareta Budner
10%
nr 60Klub Parlamentarny Prawo i SprawiedliwośćMariusz Gromko
10%
nr 27Klub Parlamentarny Prawo i SprawiedliwośćMichał Seweryński
10%
nr 66Klub Parlamentarny Koalicja Obywatelska – Platforma Obywatelska, Nowoczesna, Inicjatywa Polska, ZieloniRyszard Świlski
10%
nr 73Klub Parlamentarny Prawo i SprawiedliwośćWojciech Piecha
10%
nr 5Klub Parlamentarny Prawo i SprawiedliwośćAleksander Szwed
0%
nr 57Klub Parlamentarny Prawo i SprawiedliwośćAlicja Zając
0%
nr 9Klub Parlamentarny Koalicja Obywatelska – Platforma Obywatelska, Nowoczesna, Inicjatywa Polska, ZieloniAndrzej Kobiak
0%
nr 30Klub Parlamentarny Prawo i SprawiedliwośćAndrzej Pająk
0%
nr 11Klub Parlamentarny Koalicja Obywatelska – Platforma Obywatelska, Nowoczesna, Inicjatywa Polska, ZieloniAntoni Mężydło
0%
nr 23Klub Parlamentarny Koalicja Obywatelska – Platforma Obywatelska, Nowoczesna, Inicjatywa Polska, ZieloniArtur Dunin
0%
nr 76Klub Parlamentarny Koalicja Obywatelska – Platforma Obywatelska, Nowoczesna, Inicjatywa Polska, ZieloniBeata Małecka-Libera
0%
nr 53Klub Parlamentarny Koalicja Obywatelska – Platforma Obywatelska, Nowoczesna, Inicjatywa Polska, ZieloniBeniamin Godyla
0%
nr 85Klub Parlamentarny Prawo i SprawiedliwośćBogusława Orzechowska
0%
nr 52Klub Parlamentarny Koalicja Obywatelska – Platforma Obywatelska, Nowoczesna, Inicjatywa Polska, ZieloniDanuta Jazłowiecka
0%
nr 3Klub Parlamentarny Prawo i SprawiedliwośćDorota Czudowska
0%
nr 74Klub Parlamentarny Prawo i SprawiedliwośćDorota Tobiszowska
0%
nr 95Klub Parlamentarny Koalicja Obywatelska – Platforma Obywatelska, Nowoczesna, Inicjatywa Polska, ZieloniEwa Matecka
0%
nr 15Klub Parlamentarny Prawo i SprawiedliwośćGrzegorz Czelej
0%
nr 71Klub Parlamentarny Koalicja Obywatelska – Platforma Obywatelska, Nowoczesna, Inicjatywa Polska, ZieloniHalina Bieda
0%
nr 61Klub Parlamentarny Prawo i SprawiedliwośćJacek Bogucki
0%
nr 81Klub Parlamentarny Prawo i SprawiedliwośćJacek Włosowicz
0%
nr 90Klub Parlamentarny Koalicja Obywatelska – Platforma Obywatelska, Nowoczesna, Inicjatywa Polska, ZieloniJadwiga Rotnicka
0%
nr 54Klub Parlamentarny Prawo i SprawiedliwośćJanina Sagatowska
0%
nr 99Klub Parlamentarny Koalicja Obywatelska – Platforma Obywatelska, Nowoczesna, Inicjatywa Polska, ZieloniJanusz Gromek
0%
nr 96Klub Parlamentarny Koalicja Obywatelska – Platforma Obywatelska, Nowoczesna, Inicjatywa Polska, ZieloniJanusz Pęcherz
0%
nr 19Klub Parlamentarny Prawo i SprawiedliwośćJerzy Chróścikowski
0%
nr 51Klub Parlamentarny Prawo i SprawiedliwośćJerzy Czerwiński
0%
nr 32Klub Parlamentarny Koalicja Obywatelska – Platforma Obywatelska, Nowoczesna, Inicjatywa Polska, ZieloniJerzy Fedorowicz
0%
nr 84Klub Parlamentarny Koalicja Obywatelska – Platforma Obywatelska, Nowoczesna, Inicjatywa Polska, ZieloniJerzy Wcisła
0%
nr 77Klub Parlamentarny Koalicja Obywatelska – Platforma Obywatelska, Nowoczesna, Inicjatywa Polska, ZieloniJoanna Sekuła
0%
nr 13Klub Parlamentarny Prawo i SprawiedliwośćJózef Łyczak
0%
nr 18Koło Parlamentarne Porozumienie Jarosława GowinaJózef Zając
0%
nr 62Klub Parlamentarny Koalicja Obywatelska – Platforma Obywatelska, Nowoczesna, Inicjatywa Polska, ZieloniKazimierz Kleina
0%
nr 2Klub Parlamentarny Prawo i SprawiedliwośćKrzysztof Mróz
0%
nr 67Klub Parlamentarny Koalicja Obywatelska – Platforma Obywatelska, Nowoczesna, Inicjatywa Polska, ZieloniLeszek Czarnobaj
0%
nr 26Klub Parlamentarny Prawo i SprawiedliwośćMaciej Łuczak
0%
nr 98Klub Parlamentarny Koalicja Obywatelska – Platforma Obywatelska, Nowoczesna, Inicjatywa Polska, ZieloniMagdalena Kochan
0%
nr 87Klub Parlamentarny Prawo i SprawiedliwośćMałgorzata Kopiczko
0%
nr 59Klub Parlamentarny Prawo i SprawiedliwośćMarek Komorowski
0%
nr 58Klub Parlamentarny Prawo i SprawiedliwośćMieczysław Golba
0%
nr 92Klub Parlamentarny Koalicja Obywatelska – Platforma Obywatelska, Nowoczesna, Inicjatywa Polska, ZieloniPaweł Arndt
0%
nr 25Klub Parlamentarny Prawo i SprawiedliwośćPrzemysław Błaszczyk
0%
nr 29Klub Parlamentarny Prawo i SprawiedliwośćRafał Ambrozik
0%
nr 1Klub Parlamentarny Prawo i SprawiedliwośćRafał Ślusarz
0%
nr 20Klub Parlamentarny Koalicja Obywatelska – Platforma Obywatelska, Nowoczesna, Inicjatywa Polska, ZieloniRobert Dowhan
0%
nr 46Klub Parlamentarny Prawo i SprawiedliwośćRobert Mamątow
0%
nr 68Klub Parlamentarny Prawo i SprawiedliwośćRyszard Majer
0%
nr 64Klub Parlamentarny Koalicja Obywatelska – Platforma Obywatelska, Nowoczesna, Inicjatywa Polska, ZieloniSławomir Rybicki
0%
nr 14Klub Parlamentarny Prawo i SprawiedliwośćStanisław Gogacz
0%
nr 63Klub Parlamentarny Koalicja Obywatelska – Platforma Obywatelska, Nowoczesna, Inicjatywa Polska, ZieloniStanisław Lamczyk
0%
nr 56Klub Parlamentarny Prawo i SprawiedliwośćStanisław Ożóg
0%
nr 79Klub Parlamentarny Prawo i SprawiedliwośćTadeusz Kopeć
0%
nr 28Klub Parlamentarny Prawo i SprawiedliwośćWiesław Dobkowski
0%
nr 37Klub Parlamentarny Prawo i SprawiedliwośćWiktor Durlak
0%
nr 21Klub Parlamentarny Koalicja Obywatelska – Platforma Obywatelska, Nowoczesna, Inicjatywa Polska, ZieloniWładysław Komarnicki
0%
nr 34Klub Parlamentarny Prawo i SprawiedliwośćWłodzimierz Bernacki
0%
nr 50Klub Parlamentarny Prawo i SprawiedliwośćWojciech Skurkiewicz
0%
nr 94Klub Parlamentarny Koalicja Obywatelska – Platforma Obywatelska, Nowoczesna, Inicjatywa Polska, ZieloniWojciech Ziemniak
0%
nr 55Klub Parlamentarny Prawo i SprawiedliwośćZdzisław Pupa
0%

Rozkład punktacji

Percentyl według liczby udzielonych odpowiedzi

Procent ludzi z każdym wynikiem

Twoja historia wyników

Nie rozwiązałeś tego quizu